ბათუმის შოთა რუსთაველის სახელმწიფო უნივერსიტეტის ბიბლიოთეკა

Задачи по математике. Алгебра и анализ. (ბიბ.ჩანაწერი № 48028)

000 -LEADER
fixed length control field 00643nam a2200205Ia 4500
001 - CONTROL NUMBER
control field 14908
003 - CONTROL NUMBER IDENTIFIER
control field GE_BSU
008 - FIXED-LENGTH DATA ELEMENTS--GENERAL INFORMATION
fixed length control field 181216s||||||||xx |||||||||||||| ||und||
040 ## - CATALOGING SOURCE
Transcribing agency GE_BSU
080 ## - UNIVERSAL DECIMAL CLASSIFICATION NUMBER
Universal Decimal Classification number 512+517
100 ## - MAIN ENTRY--PERSONAL NAME
Personal name Башмаков, М.И.,Беккер,Б. М.,Гольховой, В.М.
245 ## - TITLE STATEMENT
Title Задачи по математике. Алгебра и анализ.
245 ## - TITLE STATEMENT
Statement of responsibility, etc. Под. ред. Д.К.фадеева.
260 ## - PUBLICATION, DISTRIBUTION, ETC.
Place of publication, distribution, etc. Москва
260 ## - PUBLICATION, DISTRIBUTION, ETC.
Name of publisher, distributor, etc. Наука.
260 ## - PUBLICATION, DISTRIBUTION, ETC.
Date of publication, distribution, etc. 1982
300 ## - PHYSICAL DESCRIPTION
Extent 191 стр. 20см.
653 ## - INDEX TERM--UNCONTROLLED
Uncontrolled term Задачи по математике.Алгевра и анализ.
942 ## - ADDED ENTRY ELEMENTS (KOHA)
Koha item type წიგნი
ეგზემპლარები
Withdrawn status Lost status Damaged status Not for loan Date acquired Barcode Date last seen Price effective from Koha item type
        2018-12-17 15444 2018-12-17 2018-12-17 წიგნი
        2018-12-17 15045 2018-12-17 2018-12-17 წიგნი